000 00780nam a2200229 a 4500
001 82450
003 BD-RjUL
005 20231212122136.0
008 191104s1986 ua 000 0 ara d
035 _a(BD-RjUL)82450
040 _aNNL
_bara
_cBD-RjUL
041 _aara
082 _223
_a297.56242
_bSAN 1986
100 1 _asadat, Anwar ;; السادات, انور
_d1917-
_910481
245 1 0 _aنحو بعث جديد /nahw baeth jadid /
_cأنور السادات ;; Anwar alsadat
260 _aالقاهرة :
_bدار الشروق،
_c١٤٠٦هج ١٩٨٦م.
300 _a 58 ص.
_c22 cm
650 4 _aIslamic monasticism and religious orders
_910482
650 4 _aPeace
_xReligious aspects
_xIslam
_910483
650 4 _aWar
_xReligious aspects
_xIslam
_9558
942 _2ddc
_cBK
999 _c82450
_d82450